<?xml version="1.0" encoding="UTF-8"?>
<marc:record xmlns:marc="http://www.loc.gov/MARC21/slim">
   <marc:leader>00000nam a2200000 a 4500</marc:leader>
   <marc:datafield ind1="1" ind2=" " tag="100">
      <marc:subfield code="a">Wollenhaupt, Gabriella</marc:subfield>
      <marc:subfield code="4">aut</marc:subfield>
      <marc:subfield code="e">Verfasser/-in</marc:subfield>
   </marc:datafield>
   <marc:datafield ind1=" " ind2=" " tag="653">
      <marc:subfield code="a">Thriller</marc:subfield>
   </marc:datafield>
   <marc:datafield ind1=" " ind2=" " tag="653">
      <marc:subfield code="a">Spionage</marc:subfield>
   </marc:datafield>
   <marc:datafield ind1="0" ind2="0" tag="245">
      <marc:subfield code="a">Es muss nicht immer Grappa sein</marc:subfield>
   </marc:datafield>
   <marc:datafield ind1="0" ind2="0" tag="245">
      <marc:subfield code="b">Kriminalroman</marc:subfield>
   </marc:datafield>
   <marc:datafield ind1="0" ind2="0" tag="245">
      <marc:subfield code="c">Gabriella Wollenhaupt</marc:subfield>
   </marc:datafield>
   <marc:datafield ind1=" " ind2="1" tag="264">
      <marc:subfield code="a">Dortmund</marc:subfield>
      <marc:subfield code="b">Grafit</marc:subfield>
      <marc:subfield code="c">2008</marc:subfield>
   </marc:datafield>
   <marc:datafield ind1="1" ind2=" " tag="490">
      <marc:subfield code="a">Grafit</marc:subfield>
      <marc:subfield code="v">355</marc:subfield>
   </marc:datafield>
   <marc:datafield ind1="1" ind2=" " tag="520">
      <marc:subfield code="a">Angaben aus der Verlagsmeldung

Es muss nicht immer Grappa sein : Kriminalroman / von Gabriella Wollenhaupt

Zwei Morde an einem Tag - das hat selbst Polizeireporterin Maria Grappa noch nicht erlebt.
Opfer Nummer eins: Ekatarina Schöderlapp, eine Aussiedlerin aus der Ukraine, 78 Jahre alt,
sie ist in ihrer Wohnung mit einer Plastiktüte erstickt worden. Opfer Nummer zwei: der
berühmte Erotikfotograf Hein Carstens. Er liegt mit zertrümmertem Schädel in seinem
Hotelzimmer. Merkwürdigerweise steht in seinem Notizbuch die Adresse der Rentnerin. Noch
merkwürdiger: Die Polizei stößt in der schäbigen Wohnung der Frau auf 35 kg Kaviar.
Grappa findet die Fischeier nur eklig und entgegen der Ermittlermeinung glaubt sie nicht an
Rache der russischen Kaviar-Mafia. Denn da gibt es noch Filmsternchen Kiki Moreno, die
gerade die 356. Folge der Soap "Gute Tage - schlechte Tage" abgedreht hat. Ihre Nacktfotos
zieren die Homepage des erschlagenen Fotografen und sie ist die Freundin des russischen
Kaviarkönigs Boris Gogol. Verdächtig macht sich zudem der örtliche Feinkostkönig Peter Silius,
und das nicht nur, weil die tödliche Plastiktüte sein Logo ziert.
Ein Dickicht aus Habgier und Völlerei entfaltet sich vor Grappa ...
</marc:subfield>
   </marc:datafield>
   <marc:datafield ind1=" " ind2=" " tag="020">
      <marc:subfield code="a">9783894253554</marc:subfield>
      <marc:subfield code="9">9783894253554</marc:subfield>
   </marc:datafield>
   <marc:datafield ind1=" " ind2=" " tag="041">
      <marc:subfield code="a">ger</marc:subfield>
   </marc:datafield>
   <marc:datafield ind1=" " ind2=" " tag="300">
      <marc:subfield code="a">224 S.</marc:subfield>
   </marc:datafield>
</marc:record>
